000 01289nam a2200349 c 4500
003 BLK
005 20250801084527.0
008 180409b bul|||||r ||||||| ||bul||
010 _aKNG00143191000
020 _a978-954-655-375-1
_bиздат.: Бард
040 _aBLK
041 _aBUL
_cBUL
072 7 _2bullib
_aН83
_xЧужда художествена литература Н
080 _aАмериканска литература (на САЩ)
_b821.111(73)
_x-31
_z821.111(73)-31
100 1 _aСтийл, Даниел
_eпърви автор
_9363685
700 1 _aБожанова, Ивайла
_eпрев.
_9321917
139 _aСтийл, Даниел
_bС 76
245 1 0 _aЧарлс стрийт 44
_bРоман
_cДаниел Стийл; прев. Ивайла Божанова.
257 _aUSA
260 София
_bБард
_c2013
_fХасково : Полиграфюг
300 _a304 с.
_c20 см
380 _aX
500 _aОриг. загл. 44 Charles Street / Danielle Steel.
653 _aромани
659 _aН
852 _aЦб 259548
856 4 _qpdf
_u
856 4 _qpdf
_u
942 _cKNG
_n0
_0116
944 _aCR
_c28.05.2013
_lМартин Енчев
_k30575
944 _aED
_c24.07.2014
_lф /
_k
999 _c137225
_d137225